[Event "Bad Woerishofen Seniors op 19th"]
[Site "Bad Woerishofen"]
[Date "2003.03.21"]
[Round "9"]
[White "Schwarzer, Dieter"]
[Black "Lange, Detlef"]
[Result "1/2-1/2"]
[WhiteElo "1391"]
[BlackElo "1699"]
[PlyCount "44"]
[EventDate "2003.03.13"]
[EventType "swiss"]
[EventRounds "9"]
[EventCountry "GER"]
[SourceTitle "EXT 2004"]
[Source "ChessBase"]
[SourceDate "2003.11.25"]
[SourceVersion "1"]
[SourceVersionDate "2003.11.25"]
[SourceQuality "1"]

1. e4 c6 2. d4 d5 3. Nc3 dxe4 4. Nxe4 Bf5 5. Nc3 e6 6. Nf3 Nd7 7. a3 Bd6 8. h3 h6 9. Bd3 Bxd3 10. Qxd3 Ngf6 11. Be3 Qc7 12. Ne4 Nxe4 13. Qxe4 Nf6 14. Qd3 Nd5 15. 0-0 Rd8 16. Rfe1 0-0 17. c3 b6 18. Bd2 Rfe8 19. Re4 Bf4 20. Ne5 Bxd2 21. Qxd2 Nf6 22. Re2 c5 1/2-1/2

[Event "Bad Woerishofen Seniors op 19th"]
[Site "Bad Woerishofen"]
[Date "2003.03.20"]
[Round "8"]
[White "Block, Herbert"]
[Black "Schwarzer, Dieter"]
[Result "0-1"]
[WhiteElo "1525"]
[BlackElo "1391"]
[PlyCount "64"]
[EventDate "2003.03.13"]
[EventType "swiss"]
[EventRounds "9"]
[EventCountry "GER"]
[SourceTitle "EXT 2004"]
[Source "ChessBase"]
[SourceDate "2003.11.25"]
[SourceVersion "1"]
[SourceVersionDate "2003.11.25"]
[SourceQuality "1"]

1. c4 Nf6 2. Nc3 g6 3. Nf3 Bg7 4. d3 d6 5. e4 c5 6. Be2 0-0 7. 0-0 Nbd7 8. h3 b6 9. Rb1 Bb7 10. Nh2 Ne8 11. Bg4 Ne5 12. Be2 Nc6 13. Nd5 Nc7 14. b3 Nxd5 15. exd5 Nd4 16. Nf3 Qc7 17. Nxd4 Bxd4 18. Be3 Bg7 19. Qd2 Rae8 20. Bh6 e6 21. Bxg7 Kxg7 22. Qc3+ f6 23. dxe6 Rxe6 24. Rbe1 Qd8 25. Bg4 Rxe1 26. Rxe1 Re8 27. Re3 Rxe3 28. fxe3 Qe7 29. e4 h5 30. Bf3 Bc8 31. h4 Kf7 32. Qd2 Kg7 0-1